000 01209nam a2200277 a 4500
001 41431
003 BD-RjUL
005 20211209053403.0
008 160530r19961977bg ||||| |||| 001 0 ben d
020 _a9840733362
_c: Tk. 120.00
035 _a(BD-RjUL) 41549
040 _aBD-RjUL
_bben
_cBD-RjUL
041 _aben
082 _223
_a320.1
_bMAA 1996
100 _aম্যাকাইভার, আর. এম.
_9127364
245 1 0 _aআধুনিক রাষ্ট্র /
_cআর. এম. ম্যাকাইভার ; এমাজউদ্দীন আহমদ অনূদিত
260 _aঢাকা :
_bবাংলা একাডেমী,
_c১৯৭৭ [পুনর্মুদ্রণ ১৯৯৬]
300 _a[১২], ৩৬৮ পৃ. ;
_c২২ সেমি.
490 _aবাএ ;
_v৩৩২৭
500 _aনির্ঘণ্ট ও শুদ্ধিপত্র সংযুক্ত
650 _aরাষ্ট্র বিজ্ঞান
_9127365
650 _aPolitical science.
_9127366
700 _aআহমদ, এমাজউদ্দীন, অনুবাদক
_9127369
830 _aবাএ ;
_v৩৩২৭
_9128400
942 _2ddc
_cBK
_01
999 _c41431
_d41431